[Event "Karlovy Vary Open"]
[Site "Karlovy Vary CZE"]
[Date "2011.04.30"]
[Round "4.29"]
[White "Tejcek,B"]
[Black "Hellinger,Jan"]
[Result "0-1"]
[WhiteElo "1792"]
[BlackElo "1667"]

1.d4 Nf6 2.Bg5 e6 3.e3 d5 4.Nf3 Be7 5.c4 c6 6.Nc3 Nbd7 7.Rc1 O-O 8.Qc2 h6
9.Bh4 Re8 10.Bd3 dxc4 11.Bxc4 Nd5 12.Bxe7 Qxe7 13.a3 Nxc3 14.Qxc3 e5 15.O-O e4
16.Nd2 Nf6 17.Ba2 Bf5 18.b4 Be6 19.Bb1 Bd5 20.Qc2 Rac8 21.Qd1 Qe6 22.Rc3 Qg4
23.h3 Qd7 24.Nb3 b6 25.Nc1 Qd6 26.Ne2 g5 27.Ng3 Qd7 28.Nh5 Qe6 29.Nxf6+ Qxf6
30.Qe2 Kg7 31.Rfc1 Qe6 32.Qc2 f5 33.b5 Re7 34.bxc6 Rec7 35.Qe2 Rxc6 36.Rxc6 Rxc6
37.Rxc6 Qxc6 38.Qc2 Kf6 39.Qxc6+ Bxc6 40.Kf1 Bd5 41.Bc2 h5 42.Bd1 h4 43.Be2 Bc6
44.Ba6 Ba4 45.Bb7 Bb5+ 46.Ke1 Bd3 47.Bc6 b5 48.Bb7 a5 49.Bc6 b4 50.axb4 axb4
51.Ba4 Ke6 52.Bb3+ Kd6 53.d5 Ba6 54.f3 Bb7 55.fxe4 fxe4 56.Bc2 Bxd5 57.Kf2 Kc5
58.g3 Kc4 59.gxh4 gxh4 60.Ke2 Kc3 61.Kd1 Bb3 62.Bxb3 Kxb3 63.Kc1 Kc3  0-1

[Event "43rd TCh-ITA 2011"]
[Site "Spoleto ITA"]
[Date "2011.04.30"]
[Round "5"]
[White "Salgado Lopez,I"]
[Black "Martorelli,A"]
[Result "1-0"]
[WhiteElo "2630"]
[BlackElo "2234"]

1.d4 Nf6 2.Bg5 e6 3.e3 c5 4.Nd2 b6 5.Ngf3 h6 6.Bxf6 gxf6 7.g3 Bb7 8.Bg2 cxd4
9.exd4 Nc6 10.O-O Ne7 11.a4 Bg7 12.a5 O-O 13.c3 bxa5 14.Qa4 Rb8 15.Rfb1 Nc6
16.Nb3 Ba6 17.Bf1 Bxf1 18.Kxf1 Qb6 19.Nxa5 Qa6+ 20.Qc4 Qxc4+ 21.Nxc4 d5 22.Ne3 a5
23.Ke2 Rb5 24.Kd1 Rfb8 25.Kc2 Rc8 26.Ra4 Nb4+ 27.Kd2 Nc6 28.Ne1 f5 29.Nd3 Bf8
30.g4 fxg4 31.Nxg4 f5 32.Nge5 Nxe5 33.Nxe5 Bg7 34.Nd3 Kf7 35.Rba1 Bf6 36.Rxa5 Rb7
37.Ra7 Rcc7 38.Rxb7 Rxb7 39.b4 h5 40.Ra6 Bg5+ 41.f4 Be7 42.Nc5 Rb8 43.Nxe6 Rg8
44.Nc7 Rg2+ 45.Kd3 Rxh2 46.Nxd5 Bf8 47.Rf6+ Kg7 48.Rxf5 h4 49.Rg5+ Kh6 50.Ne3 Rh1
51.Rg8 h3 52.Rxf8 Kg7 53.Rf5  1-0

[Event "TCh-ESP Selecciones Autonomicas"]
[Site "Gijon ESP"]
[Date "2011.05.02"]
[Round "6.5"]
[White "Chueca Forcen,A"]
[Black "Villasenor Rubio,E"]
[Result "1-0"]
[WhiteElo "2289"]
[BlackElo "2154"]

1.d4 Nf6 2.Bg5 e6 3.e4 h6 4.Bxf6 Qxf6 5.Nc3 Bb4 6.Qd2 c5 7.e5 Qd8 8.dxc5 O-O
9.Bd3 f5 10.Nge2 Bxc5 11.f4 a6 12.O-O-O b5 13.Kb1 Bb7 14.Nc1 Qb6 15.Rhf1 Be3
16.Qe2 Bd4 17.g4 Bxc3 18.gxf5 exf5 19.bxc3 Nc6 20.Nb3 Ne7 21.c4 Rac8 22.cxb5 Nd5
23.Bc4 Rxc4 24.Qxc4 axb5 25.Qc5 Qe6 26.Nd4 Qa6 27.Rd3 Ra8 28.a3 Rc8 29.Qxb5 Qa7
30.c4 Nb6 31.Nxf5 Be4 32.Ne7+ Kh7 33.Rd1 Qxa3 34.c5 Ra8 35.cxb6 Qa1+ 36.Kc2 Bxd3+
37.Qxd3+  1-0

[Event "ch-UKR semi-final"]
[Site "Alushta UKR"]
[Date "2011.05.03"]
[Round "1.35"]
[White "Voitovich,V"]
[Black "Polivanov,A"]
[Result "0-1"]
[WhiteElo "2096"]
[BlackElo "2414"]

1.d4 Nf6 2.Bg5 e6 3.e3 h6 4.Bh4 d6 5.Bd3 Nbd7 6.Nd2 b6 7.Be4 d5 8.Bd3 Bb7
9.c3 Bd6 10.Ngf3 O-O 11.O-O Qb8 12.Bxf6 Nxf6 13.Ne5 Bxe5 14.dxe5 Nd7 15.f4 f5
16.exf6 Nxf6 17.Qc2 c5 18.Nf3 Qd6 19.Rad1 Nd7 20.Bb5 Bc6 21.Be2 e5 22.e4 exf4
23.exd5 Bb7 24.c4 Rae8 25.Rf2 Nf6 26.Nd2 Bc8 27.Rdf1 Qe5 28.Rxf4 Qxe2 29.Rxf6 Qe3+
30.R6f2 Bf5 31.Qc3 Bd3 32.Nf3 Bxf1 33.Qxe3 Rxe3 34.Kxf1 a5 35.Rd2 g5 36.h3 h5
37.d6 g4 38.hxg4 hxg4 39.d7 Rd8 40.Nh2 g3 41.Nf3 Re7 42.Rd6 Rdxd7 43.Rxd7 Rxd7
44.Ke2 Kg7 45.Ke3 Re7+ 46.Kd3 Kf6 47.Ng1 Kf5 48.Ne2 Kg4 49.Nc3 Rf7 50.Ne4 Rf8
51.Ke3 Rf1  0-1

[Event "ch-UKR semi-final"]
[Site "Alushta UKR"]
[Date "2011.05.05"]
[Round "3.40"]
[White "Voitovich,V"]
[Black "Omelja,A"]
[Result "1-0"]
[WhiteElo "2096"]
[BlackElo "2329"]

1.d4 Nf6 2.Bg5 e6 3.e3 c5 4.c3 b6 5.Qf3 Nc6 6.Bxf6 Qxf6 7.Qxf6 gxf6 8.dxc5 bxc5
9.Na3 Rb8 10.O-O-O f5 11.Nf3 a6 12.Nc4 d5 13.Nce5 Nxe5 14.Nxe5 Bg7 15.Nd3 d4
16.Nxc5 dxc3 17.bxc3 Bxc3 18.Nxa6 Rb6 19.Nc5 Ke7 20.Na4 Rc6 21.Bb5 Rc7 22.Nxc3 Rxc3+
23.Kb2 Rc5 24.a4 Kf6 25.Rc1 Re5 26.Rc7 Rd8 27.Rhc1 Rd2+ 28.R1c2  1-0

[Event "29th Metz Open A"]
[Site "Longeville-les-Metz FRA"]
[Date "2011.05.05"]
[Round "5.15"]
[White "Grosdemange,D"]
[Black "Maloberti,D"]
[Result "1/2-1/2"]
[WhiteElo "2037"]
[BlackElo "2111"]

1.d4 Nf6 2.Bg5 e6 3.e4 d5 4.e5 h6 5.Be3 Nfd7 6.c3 a5 7.Bd3 c5 8.Ne2 Qb6 9.b3 Nc6
10.a3 Ndb8 11.O-O Bd7 12.Nd2 cxd4 13.cxd4 Na6 14.Kh1 Rc8 15.f4 g6 16.g4 h5
17.f5 Nxe5 18.fxg6 f5 19.gxf5 Nxd3 20.f6 e5 21.f7+ Kd8 22.Bg5+ Kc7 23.Qc2+ Kb8
24.Qxd3 Bb5 25.Qe3 Qxg6 26.Rf6 Qd3 27.Qxe5+ Ka7 28.Ng3 h4 29.Rf3 Qh7 30.Ngf1 Bg7
31.Bf6 Bxf6 32.Qxf6 Be2 33.Rf2 Bd3 34.Re1 Qg6 35.Qxg6 Bxg6 36.Ne3 Rhf8 37.Ref1 Bd3
38.Rg1 Rc7 39.Rg7 h3 40.Kg1 Rd7 41.Nf3 Rdxf7 42.Rxf7 Rxf7 43.Ne5 Rg7+ 44.N3g4 Be4
45.Kf1 Rc7 46.Rb2 Rc3 47.Kf2 Nb8 48.Ke2 Rc1 49.Ke3 Nc6 50.Nxc6+ bxc6 51.Kf4 Kb6
52.Nf2 Bg2 53.Nd3 Rd1 54.Nf2 Rxd4+ 55.Kg3 Bf1 56.Rb1 Bg2 57.Nxh3 Be4 58.Rb2 Rd3+
59.Kh4 a4 60.bxa4+ Ka5 61.Nf2 Re3 62.Kg5 Kxa4 63.Kf4 Rf3+ 64.Ke5 Kxa3 65.Rd2 Bb1
66.Kd6 Rf6+ 67.Kc5 Kb3 68.Ng4 Re6 69.Rd4 Kc3 70.Rf4 Be4 71.Nf6 Kd3 72.h4 Ke3
73.Rf1 Ke2 74.Rf4 Bd3 75.Nd7 Ke3 76.Rf6 Rxf6 77.Nxf6 d4 78.Ng4+ Kf4  1/2-1/2

[Event "ch-Euro Indiv Women"]
[Site "Tbilisi GEO"]
[Date "2011.05.09"]
[Round "3"]
[White "Mamedjarova,T"]
[Black "Bodnaruk,A"]
[Result "0-1"]
[WhiteElo "2322"]
[BlackElo "2419"]

1.d4 Nf6 2.Bg5 e6 3.e3 d6 4.Bd3 Nbd7 5.Nf3 h6 6.Bh4 g5 7.Bg3 Nh5 8.c3 Bg7
9.Bc2 Qe7 10.Na3 c6 11.Qd3 f5 12.Nc4 Nxg3 13.hxg3 Nf6 14.O-O-O Qc7 15.Qe2 Bd7
16.Ncd2 O-O-O 17.e4 fxe4 18.Nxe4 Nxe4 19.Qxe4 Kb8 20.Rde1 c5 21.dxc5 Qxc5
22.Qg6 Rhg8 23.Qf7 Bh8 24.Nd2 d5 25.f3 Qf2 26.g4 Qxg2 27.Bd3 Be5 28.Rhg1 Qf2
29.Rgf1 Qg3 30.Nb3 Rgf8 31.Qh7 Rxf3 32.Rxf3 Qxf3 33.Nc5 Bc8 34.Bb5 Bg3 35.Nxe6 Bxe6
36.Rxe6 d4 37.Be2 Qd5 38.Qf5 Bf4+ 39.Kb1 Qh1+ 40.Kc2 dxc3 41.bxc3 Qa1 42.Kb3 a5
43.a4 Rc8 44.c4 Qe1 45.Qc2 Qb4+ 46.Ka2 Rd8 47.Bd3 Bc1 48.Qh2+ Kc8 49.Qe5 Qa3+
50.Kb1 Qxd3+ 51.Kxc1 Qd1+ 52.Kb2 Rd2+ 53.Ka3 Qc1+ 54.Kb3 Qc2+  0-1

[Event "FSIM May"]
[Site "Budapest HUN"]
[Date "2011.05.10"]
[Round "4.1"]
[White "Sahu,Se"]
[Black "Tesik,C"]
[Result "0-1"]
[WhiteElo "2227"]
[BlackElo "2299"]

1.d4 Nf6 2.Bg5 e6 3.e4 c5 4.d5 d6 5.Nc3 e5 6.Be2 Be7 7.Be3 O-O 8.g4 Ne8 9.h4 Bxh4
10.Qd2 Be7 11.Nh3 Nd7 12.O-O-O a6 13.Rh2 Nc7 14.Rdh1 Re8 15.f4 exf4 16.Nxf4 Nf8
17.Bf3 Bf6 18.Rh3 Nb5 19.Nce2 Bd7 20.Kb1 Qb6 21.Qd3 Rac8 22.c4 Nd4 23.Nxd4 cxd4
24.Bf2 Qc5 25.e5 dxe5 26.Nh5 Bg5 27.Be2 b5 28.Nxg7 bxc4 29.Qe4 Kxg7 30.Rxh7+ Nxh7
31.Qxh7+ Kf6 32.Bh4 Ke7 33.Bxg5+ Kd6 34.Qxf7 Qxd5 35.Rh6+ Be6 36.Bf3 Qb5
37.Bc1 c3 38.b3 Qd3+ 39.Ka1 Qf1 40.Kb1 c2+ 41.Kb2 Qe1 42.Qb7 Qc3+ 43.Ka3 Qa5+
44.Kb2 Rc7 45.Qe4 Qc3+ 46.Ka3 Rc5  0-1

[Event "ch-Euro Indiv Women"]
[Site "Tbilisi GEO"]
[Date "2011.05.10"]
[Round "4"]
[White "Hoang Thanh Trang"]
[Black "Daulyte,D"]
[Result "1-0"]
[WhiteElo "2456"]
[BlackElo "2306"]

1.d4 Nf6 2.Bg5 e6 3.e3 d5 4.Nd2 Be7 5.Bd3 Nbd7 6.Ngf3 c5 7.c3 O-O 8.O-O b6
9.Ne5 Nxe5 10.dxe5 Nd7 11.Bxe7 Qxe7 12.f4 f5 13.exf6 Nxf6 14.Nf3 Bb7 15.Qe1 Nd7
16.Qg3 Rfe8 17.Qh3 g6 18.Rae1 e5 19.Bb5 Bc8 20.Bc6 Nf6 21.Qh4 e4 22.Ne5 Be6
23.Bxa8 Rxa8 24.Rf2 Rf8 25.g4 Bc8 26.Rd2 Bb7 27.Red1 b5 28.g5 Nd7 29.Ng4 Qe6
30.Qg3 Kh8 31.h4 Qf7 32.Rh2 a5 33.h5 gxh5 34.Nh6 Qg7 35.Rxh5 b4 36.Qe1 Nb6
37.Ng4 Nc4 38.Rh2 Bc8 39.Nh6 Be6 40.Kh1 Nd6 41.a3 bxa3 42.bxa3 Rd8 43.Qh4 Rb8
44.g6 Nc4 45.f5  1-0

[Event "46th Capablanca Memorial Open B"]
[Site "Havana CUB"]
[Date "2011.05.15"]
[Round "5.24"]
[White "Mercantete,E"]
[Black "Infante,B"]
[Result "0-1"]
[WhiteElo "2101"]
[BlackElo "2205"]

1.d4 Nf6 2.Bg5 e6 3.Nd2 d5 4.e3 Be7 5.Ngf3 c5 6.c3 Nbd7 7.Bd3 b6 8.O-O Bb7
9.h3 O-O 10.Re1 Ne4 11.Bxe7 Qxe7 12.Bb5 Ndf6 13.Bd3 Nd7 14.Bb5 Nd6 15.Bxd7 Qxd7
16.Ne5 Qe7 17.f4 f6 18.Nef3 Ba6 19.Rc1 Bd3  0-1

[Event "ch-Euro Indiv Women"]
[Site "Tbilisi GEO"]
[Date "2011.05.17"]
[Round "10"]
[White "Hoang Thanh Trang"]
[Black "Janjghava,N"]
[Result "1-0"]
[WhiteElo "2456"]
[BlackElo "2291"]

1.d4 Nf6 2.Bg5 e6 3.e3 h6 4.Bh4 c5 5.Nd2 d5 6.Ngf3 Nbd7 7.c3 Bd6 8.Bd3 O-O
9.O-O cxd4 10.exd4 e5 11.dxe5 Nxe5 12.Nxe5 Bxe5 13.Nf3 Bf4 14.Bc2 Bg4 15.Qd3 g5
16.Bg3 Qd6 17.Nd4 Rae8 18.Rae1 Bxg3 19.hxg3 Bd7 20.f4 Rxe1 21.Rxe1 Ne4 22.Qe3 Re8
23.fxg5 Nf6 24.Qd2 Rxe1+ 25.Qxe1 hxg5 26.Qe3 g4 27.Bf5 Bxf5 28.Nxf5 Qb6 29.Qxb6 axb6
30.Kf2 Kf8 31.Ke3 Ke8 32.Kd4 Kd7 33.Ke5 Ne4 34.Kxd5 Nf2 35.Ne3 Nd3 36.b4 Nc1
37.Nxg4 Nxa2 38.Kd4 Nc1 39.Ke4  1-0

[Event "20th Croatian Cup"]
[Site "Sibenik CRO"]
[Date "2011.05.18"]
[Round "1.53"]
[White "Ljikar,Z"]
[Black "Rogulj,B"]
[Result "0-1"]
[WhiteElo "2189"]
[BlackElo "2390"]

1.d4 Nf6 2.Bg5 e6 3.Nd2 d5 4.e3 Bd6 5.c3 Nbd7 6.f4 c5 7.Bd3 Qb6 8.Rb1 cxd4
9.cxd4 h6 10.Bh4 g5 11.fxg5 hxg5 12.Bxg5 Rxh2 13.Rxh2 Bxh2 14.Ne2 Bd6 15.Nc3 a6
16.Qf3 Be7 17.Qh3 Nf8 18.Qh8 Qd8 19.Ke2 Ng4 20.Bf4 Bg5 21.Rf1 Bxf4 22.Rxf4 Qg5
23.Nf3 Qh6 24.Qxh6 Nxh6 25.Rh4 Ng8 26.Rh8 Nf6 27.Ne5 Nd7 28.e4 Nxe5 29.dxe5 d4
30.Na4 Bd7 31.Nb6 Rd8 32.a4 Ke7 33.g3 Ng6 34.Rh5 Bc6 35.a5 Rg8 36.b4 Nf8
37.Kf3 Nd7 38.Nxd7 Bxd7 39.Rh2 Ba4 40.Bc2 Bb5 41.Rd2 Rc8 42.Bd3 Rc3 43.Ke2 Ba4
44.Rb2 Bb3 45.Kd2 f6 46.exf6+ Kxf6 47.Rb1 Ke5 48.Rh1 Ba4 49.Rh5+ Kd6 50.b5 axb5
51.Bxb5 Bc2 52.e5+ Kd5 53.Rg5 Be4 54.a6 bxa6 55.Bxa6 Rc2+ 56.Kd1 Rb2 57.Kc1 Rb6  0-1

[Event "ch-Euro Indiv Women"]
[Site "Tbilisi GEO"]
[Date "2011.05.18"]
[Round "11"]
[White "Edes,Z"]
[Black "Fakhiridou,E"]
[Result "1/2-1/2"]
[WhiteElo "2043"]
[BlackElo "2225"]

1.d4 Nf6 2.Bg5 e6 3.Nf3 c5 4.e3 Be7 5.Nbd2 b6 6.Bd3 Bb7 7.c3 cxd4 8.exd4 Nd5
9.Ne4 d6 10.Bb5+ Kf8 11.Bd2 Nd7 12.Bd3 h6 13.c4 Nc7 14.O-O Nf6 15.Ng3 h5
16.Re1 h4 17.Ne4 h3 18.g3 Nxe4 19.Bxe4 Bxe4 20.Rxe4 d5 21.cxd5 Qxd5 22.Qe2 Qb7
23.Re1 Rd8 24.Qf1 Qd5 25.Ne5 Nb5 26.Rf4 Bf6 27.Be3 Nd6 28.Bd2 Kg8 29.Bc3 Rh5
30.Ng4 Ne8 31.Rfe4 Qxa2 32.Nxf6+ Nxf6 33.Re5 Rxe5 34.Rxe5 Rd5 35.Qxh3 Rxe5
36.dxe5 Nd5 37.Qh4 g6 38.Kg2 Qb1  1/2-1/2

[Event "20th Croatian Cup"]
[Site "Sibenik CRO"]
[Date "2011.05.19"]
[Round "2.111"]
[White "Medancic,R"]
[Black "Nikolac,J"]
[Result "1/2-1/2"]
[WhiteElo "2259"]
[BlackElo "2429"]

1.d4 Nf6 2.Bg5 e6 3.Nf3 d5 4.Nbd2 Be7 5.e3 h6 6.Bh4 c5 7.c3 Nc6 8.Ne5 cxd4
9.exd4 Qb6 10.Rb1 Nd7 11.Bg3 Ndxe5 12.dxe5 h5 13.h4 Bd7 14.Bd3 Qc7 15.Nf3 Bc5
16.b4 Bb6 17.a4 a6 18.O-O Ne7 19.Rc1 Rc8 20.Ng5 g6 21.c4 Qd8 22.c5 Ba7 23.a5 Bb8
24.Nf3 Nc6 25.Qd2 Qe7 26.Bf4 Qf8 27.Rfe1 Qg7 28.Rb1 Bc7 29.Qe3 Bd8 30.g3 Be7
31.Bg5 Qf8 32.Bf6 Bxf6 33.exf6 Qh6 34.Ng5 O-O 35.Qf4 e5 36.Rxe5 Nxe5 37.Qxe5 Bc6
38.Qd4 Rfe8 39.Kg2 Rcd8 40.b5 axb5 41.Bxb5 Bxb5 42.Rxb5 Rd7 43.Rb6 Qf8 44.a6 bxa6
45.Rxa6 Rc7 46.Rd6 Rec8 47.Rxd5 Rxc5 48.Rd7 R5c7 49.Rd5 Qe8 50.Kh2 Rc4 51.Qd3 Rc2
52.Kg2 Qc6 53.Ne4 Qa8 54.g4 hxg4 55.h5 R2c5 56.Rxc5 Rxc5 57.hxg6 Qd5 58.Qb1 Rc8
59.gxf7+ Kxf7 60.Kg1 Re8 61.Ng3 Kxf6 62.Qh7 Qd1+ 63.Kg2 Re5 64.Ne4+ Ke6 65.Qg6+ Kd7
66.Qf7+ Re7 67.Qf5+ Kc7 68.Qc5+ Kd8 69.Qb6+ Ke8 70.Qg6+ Kd8 71.Qb6+ Ke8  1/2-1/2

[Event "Serbian Cup 2011"]
[Site "Valjevo SRB"]
[Date "2011.05.20"]
[Round "5.9"]
[White "Tosic,S"]
[Black "Kosanovic,D"]
[Result "1/2-1/2"]
[WhiteElo "2331"]
[BlackElo "2341"]

1.d4 Nf6 2.Bg5 e6 3.e4 h6 4.Bxf6 Qxf6 5.Nf3 d6 6.Nc3 Nd7 7.Qd2 a6 8.O-O-O Qd8
9.g3 b5 10.d5 e5 11.Nh4 Be7 12.Ng2 Nc5 13.Qe3 Bd7 14.h4 Qb8 15.f4 Bf6 16.f5 h5
17.Ne1 Qb6 18.Nb1 Qa5 19.Nd3 Nxd3+ 20.Rxd3 Ke7 21.Ra3 Qb6 22.Qxb6 cxb6 23.Be2 g6
24.fxg6 fxg6 25.Nd2 Rhf8 26.Rf1 Bg7 27.Kd1 Rxf1+ 28.Nxf1 Bh6 29.Nh2 a5 30.Rc3 b4
31.Rf3 Rf8 32.Rxf8 Kxf8 33.Ke1 Bc1 34.b3 Be3 35.Nf1 Bd4 36.Nh2 Ke7 37.Bd3 Kf6
38.Nf3 Bg4 39.Nh2 Bh3 40.Bf1 Bd7 41.Nf3 Be3 42.Ke2 Bc1 43.Kf2 Bh6 44.Be2 Ke7
45.Ne1 Kd8 46.Nd3 Bd2 47.Nb2 Bc3 48.Nd1 Bd4+ 49.Kg2 Kc7 50.Nf2 Kd8 51.Nd3 Ke7
52.Ne1 Kf6 53.Nf3 Bg4 54.Ng1 Bd7 55.Nf3  1/2-1/2

[Event "4th Calgary Classic Int"]
[Site "Calgary CAN"]
[Date "2011.05.21"]
[Round "5"]
[White "Kazmaier,D"]
[Black "Kraai,J"]
[Result "0-1"]
[WhiteElo "2137"]
[BlackElo "2516"]

1.d4 Nf6 2.Bg5 e6 3.Nd2 h6 4.Bxf6 Qxf6 5.Ngf3 Nc6 6.c3 d6 7.e4 g6 8.g3 Bg7
9.Bg2 O-O 10.O-O Qe7 11.Nc4 e5 12.dxe5 Nxe5 13.Ne3 Nxf3+ 14.Bxf3 c6 15.Re1 Be6
16.Bg4 Bxg4 17.Qxg4 Rfe8 18.Ng2 Rad8 19.Re3 b5 20.Qe2 a5 21.a4 b4 22.Qa6 bxc3
23.bxc3 Qc7 24.Rd1 Re5 25.Rb1 Rb8 26.Rxb8+ Qxb8 27.Qxc6 Rc5 28.Qa6 Bxc3 29.Nf4 Bd2
30.Rd3 Bxf4 31.gxf4 Qe8 32.Qxd6 Rc4 33.e5 Rxf4 34.Rd4 Rf5 35.f4 Kg7 36.Re4 Qc8
37.e6 Rf6 38.Qd7 Qxd7 39.exd7 Rd6 40.Re5 Rxd7 41.Rxa5 Rd4 42.f5 gxf5 43.Rxf5 Rxa4
44.Kg2 Kg6 45.Rb5 f5 46.Kg3 Ra3+ 47.Kh4 Ra6 48.Rb4 Rd6 49.Ra4 Kf6 50.Ra5 Rd3
51.Rb5 Ke6 52.Rb6+ Ke5 53.Rxh6 Kf4 54.Rf6 Rd2 55.h3 Rd3 56.Rf8 Re3 57.Rf7 Ke4
58.Ra7 Kf3 59.Ra5 f4 60.Kg5 Kg3 61.h4 f3 62.Rf5 Re4 63.Rxf3+ Kxf3 64.h5 Re5+
65.Kg6 Kg4 66.h6 Re6+ 67.Kg7 Kg5 68.h7 Re7+ 69.Kg8 Kg6 70.h8=N+ Kf6 71.Kf8 Rg7  0-1

[Event "XXX Zalakaros Open"]
[Site "Zalakaros HUN"]
[Date "2011.05.21"]
[Round "2"]
[White "Istvanovszki,M"]
[Black "Juhasz,Ba"]
[Result "1-0"]
[WhiteElo "2297"]
[BlackElo "2020"]

1.d4 Nf6 2.Bg5 e6 3.e4 h6 4.Bxf6 Qxf6 5.c3 d6 6.Bd3 g6 7.Ne2 Bg7 8.O-O e5
9.Nd2 O-O 10.f4 Qe7 11.h3 Nd7 12.Qe1 c5 13.Nf3 a6 14.Qg3 b5 15.Rae1 Bb7 16.Bb1 a5
17.h4 cxd4 18.cxd4 Ba6 19.h5 b4 20.hxg6 Bxe2 21.Rxe2 fxg6 22.fxe5 dxe5 23.Qxg6 Kh8
24.Ref2 Rab8 25.Qh5 Rb6 26.d5 Nf6 27.Qxe5 Qc5 28.Qd4 Qxd4 29.Nxd4 Re8 30.Ne6 Ng4
31.Rf7 Be5 32.b3 Rc8 33.Rf8+ Rxf8 34.Rxf8+ Kh7 35.Bd3 a4 36.Ra8 axb3 37.axb3 Rb7
38.Be2 Nf6 39.Bf3 Rb6 40.Kf1 Kg6 41.Ke2 Bc3 42.Ra7 Ne8 43.Nf8+ Kg5 44.Kd3 Nd6
45.Re7 Nb5 46.e5 Nd4 47.Ke4 Kh4 48.Rg7 h5 49.Rh7 Nxb3 50.Bxh5 Kg3 51.Bd1 Nc5+
52.Kf5 b3 53.Rh3+ Kxg2 54.Rxc3 b2 55.Bc2 Na4 56.Rc4  1-0

[Event "Trophee Roza Lallemand"]
[Site "Chalons en Champagne FRA"]
[Date "2011.05.22"]
[Round "7.6"]
[White "Roumegous,M"]
[Black "Bollengier,Andreea"]
[Result "1/2-1/2"]
[WhiteElo "2133"]
[BlackElo "2211"]

1.d4 Nf6 2.Bg5 e6 3.Nf3 h6 4.Bh4 d6 5.e3 g5 6.Bg3 Ne4 7.Nbd2 Nxg3 8.hxg3 Nd7
9.Bd3 Qe7 10.c3 Bg7 11.Qc2 Nf6 12.O-O-O Bd7 13.Kb1 O-O-O 14.Nb3 Ba4 15.Qe2 Kb8
16.Bb5 Bxb3 17.axb3 Ne4 18.Bd3 f5 19.Nd2 d5 20.g4 Rdf8 21.Kc2 Qf7 22.Bxe4 fxe4
23.Rdf1 e5 24.f3 Qg6 25.fxe4 exd4 26.exd4 Re8 27.Rf5 dxe4 28.Nc4 a6 29.Ne3 Bf8
30.Rhf1 Bd6 31.Nc4 Bf4 32.Ne5 Bxe5 33.dxe5 h5 34.gxh5 Rxh5 35.Kc1 Rh4 36.g3 Rh3
37.Qe3 g4 38.Rf8 Rh8 39.R8f6 Qg8 40.Qxe4 Qxb3 41.R6f2 Qe6 42.Re1 Rh5 43.Rfe2 Rh3
44.Qf4 Rh5 45.Qf6 Rf5 46.Qxe6 Rxe6 47.Re4 Kc8 48.Kd2 Kd7 49.Kd3 c5 50.b4 Kc6
51.Rxg4 Rfxe5 52.Rxe5 Rxe5 53.Rg6+ Kb5 54.bxc5 Kxc5 55.Rg7 a5 56.Rxb7 Rg5
57.Ra7 Rxg3+ 58.Kc2 Kb5 59.Kb3 a4+ 60.Rxa4 Rxc3+ 61.Kxc3  1/2-1/2

[Event "XXX Zalakaros Open"]
[Site "Zalakaros HUN"]
[Date "2011.05.22"]
[Round "3"]
[White "Webersberger,J"]
[Black "Boronyak,A"]
[Result "1-0"]
[WhiteElo "2386"]
[BlackElo "2198"]

1.d4 Nf6 2.Bg5 e6 3.Nd2 Be7 4.e3 d5 5.Bd3 O-O 6.f4 Nbd7 7.Qf3 c5 8.c3 Re8
9.Ne2 cxd4 10.exd4 Nf8 11.O-O Bd7 12.Kh1 b5 13.b4 a5 14.a3 a4 15.Bxf6 Bxf6
16.Qe3 Be7 17.Qg3 Qc7 18.Nf3 f6 19.Rac1 Bd6 20.Qh4 Re7 21.Ne5 Bc8 22.Rf3 Qd8
23.Rh3 g5 24.Qh6 fxe5 25.fxe5 Bc7 26.Rf1 Rg7 27.Rhf3 Ng6 28.Rf6 Qd7 29.Ng3 Qe7
30.Nh5 Nf4 31.Nxg7 Qxg7 32.Bxh7+ Kh8 33.Rf8+ Qxf8 34.Qxf8+  1-0

[Event "XXX Zalakaros Open"]
[Site "Zalakaros HUN"]
[Date "2011.05.27"]
[Round "8"]
[White "Istvanovszki,M"]
[Black "Bokros,A"]
[Result "0-1"]
[WhiteElo "2297"]
[BlackElo "2483"]

1.d4 Nf6 2.Bg5 e6 3.e4 h6 4.Bxf6 Qxf6 5.c3 d6 6.Bd3 Nd7 7.Ne2 a6 8.O-O Qd8
9.Nd2 c5 10.a4 b6 11.f4 Be7 12.e5 Bb7 13.f5 exf5 14.e6 fxe6 15.Nf4 Nf8 16.Qh5+ g6
17.Nxg6 Nxg6 18.Qxg6+ Kd7 19.Rae1 Bd5 20.Bxf5 Qg8 21.Qxg8 Rhxg8 22.Be4 Bxe4
23.Rxe4 cxd4 24.cxd4 Rac8 25.Nf3 Rc2 26.g3 Rf8 27.Rf2 Rfc8 28.b3 R2c3 29.Kg2 Rf8
30.b4 Rd3 31.b5 axb5 32.axb5 Rb3 33.g4 Bd8 34.h4 Be7 35.g5 hxg5 36.hxg5 Rxb5
37.Rfe2 Bxg5 38.Rxe6 Rbf5 39.Rg6 Rxf3 40.Rxg5 R3f5 41.Rg7+ Kc6 42.Rc2+ Kd5
43.Rb2 Kxd4 44.Rxb6 d5 45.Rg4+ Kc5 46.Rb7 R5f7 47.Rb2 d4 48.Rg3 Rd8 49.Rc2+ Kd5
50.Ra2 Rdd7 51.Rd2 Rg7 52.Rxg7 Rxg7+ 53.Kf2 Kc4 54.Ra2 Re7 55.Ra3 d3 56.Ra8 d2
57.Rc8+ Kd3 58.Rd8+ Kc2 59.Rc8+ Kd1 60.Rh8 Re4 61.Rc8 Re2+ 62.Kf1 Re7 63.Rc6 Rf7+
64.Kg2 Rf5  0-1

[Event "XXX Zalakaros Open"]
[Site "Zalakaros HUN"]
[Date "2011.05.28"]
[Round "9"]
[White "Juhasz,A"]
[Black "Juhasz,Kr"]
[Result "0-1"]
[WhiteElo "2139"]
[BlackElo "2301"]

1.d4 Nf6 2.Bg5 e6 3.e4 c5 4.d5 d6 5.Nc3 Be7 6.Bb5+ Kf8 7.dxe6 Bxe6 8.Nf3 h6
9.Bf4 a6 10.Be2 Nc6 11.O-O g5 12.Bg3 b5 13.a3 Kg7 14.Nd2 h5 15.h4 gxh4 16.Bxh4 Nxe4
17.Bxe7 Nxc3 18.Bxd8 Nxd1 19.Bc7 Nxb2 20.Bxd6 Rhd8 21.Bf4 Nd4 22.Be5+ f6
23.Bxd4 Rxd4 24.Nb3 Bxb3 25.cxb3 h4 26.Bf3 Rad8 27.Rfe1 Nd3 28.Re6 R8d6 29.Rxd6 Rxd6
30.a4 Ne5 31.Be2 c4 32.axb5 axb5 33.bxc4 bxc4 34.Ra7+ Kg6 35.Kf1 c3 36.Rc7 Rc6
37.Rxc6 Nxc6 38.Bd3+ Kg5 39.Ke2 Kf4 40.Kd1 Nb4 41.Bf1 Ke4 42.Kc1 Kd4 43.Kb1 Nd3
44.g3 hxg3 45.fxg3 Nb4  0-1

[Event "e2e4 Sunningdale Open"]
[Site "Ascot ENG"]
[Date "2011.05.29"]
[Round "5"]
[White "Shepley,J"]
[Black "Michielsen,J"]
[Result "0-1"]
[WhiteElo "2027"]
[BlackElo "2338"]

1.d4 Nf6 2.Bg5 e6 3.e4 h6 4.Bxf6 Qxf6 5.c3 d5 6.Nd2 c5 7.dxc5 Bxc5 8.Ngf3 O-O
9.exd5 exd5 10.Be2 Qb6 11.O-O Qxb2 12.c4 dxc4 13.Nxc4 Qf6 14.Qd5 Qe7 15.Nce5 Be6
16.Qe4 Nd7 17.Rac1 Rac8 18.Nxd7 Bxd7 19.Ne5 Rfe8 20.Bd3 Qxe5 21.Qh7+ Kf8
22.Rce1 Qxe1 23.Qh8+ Ke7 24.Rxe1+ Kf6 25.Rxe8 Rxe8 26.Qh7 Re1+ 27.Bf1 Bb5
28.h4 Rxf1+ 29.Kh2 Bd6+ 30.Kh3 Bd7+ 31.g4 Rxf2  0-1

[Event "30th NAO Open"]
[Site "Stillwater USA"]
[Date "2011.05.29"]
[Round "8.5"]
[White "Patton,T"]
[Black "Hollingsworth,Jim"]
[Result "1-0"]
[WhiteElo "2074"]
[BlackElo "1996"]

1.d4 Nf6 2.Bg5 e6 3.e3 Be7 4.Bd3 h6 5.Bh4 b6 6.Nd2 Bb7 7.Ngf3 g5 8.Bg3 d6
9.h3 Nc6 10.c3 Qd7 11.Qe2 O-O-O 12.Bb5 Rdg8 13.e4 h5 14.h4 g4 15.Ng5 Qe8
16.b4 d5 17.e5 Nd7 18.a4 Bxg5 19.hxg5 Rxg5 20.Bh4 Rgg8 21.a5 Rf8 22.axb6 axb6
23.O-O Rfg8 24.g3 Qf8 25.Ba6 Ncb8 26.Bxb7+ Kxb7 27.Ra4 Qh6 28.Rfa1 c6 29.Ra8 b5
30.Nb3 Qg6 31.Qa2 Re8 32.Qa7+ Kc8 33.Qa6+  1-0

[Event "30th NAO Open"]
[Site "Stillwater USA"]
[Date "2011.05.29"]
[Round "9.1"]
[White "Braunlich,T"]
[Black "Atalik,S"]
[Result "0-1"]
[WhiteElo "2220"]
[BlackElo "2616"]

1.d4 Nf6 2.Bg5 e6 3.e3 c5 4.c3 cxd4 5.exd4 Be7 6.Nd2 Nc6 7.Ngf3 Nd5 8.Bxe7 Ncxe7
9.g3 O-O 10.Bg2 d6 11.O-O Bd7 12.Re1 b5 13.Qc2 h6 14.Qd3 Qc7 15.Nh4 Rad8
16.f4 Rfe8 17.Re2 Nb6 18.Rae1 Na4 19.Ndf3 a6 20.Kh1 Bc6 21.Qb1 Qb7 22.Nd2 Bxg2+
23.Rxg2 Nd5 24.Kg1 Nf6 25.Rge2 a5 26.f5 e5 27.Ne4 Nxe4 28.Rxe4 f6 29.R4e2 Nb6
30.Ng2 Qf7 31.Qd3 Qc4 32.Qxc4+ Nxc4 33.Nf4 Nxb2 34.Rxb2 exf4 35.Rxe8+ Rxe8
36.Rxb5 fxg3 37.hxg3 a4 38.Kf2 Rc8 39.Rb4 Rxc3 40.Rxa4 Rd3 41.Ra8+ Kh7 42.Ra4 h5
43.Kg2 Kh6 44.Rb4 d5 45.a4 Kg5 46.a5 Kg4 47.Ra4 Rxg3+ 48.Kh2 Rc3 49.a6 Rc2+
50.Kg1 Rc8 51.Ra5 Ra8 52.Rxd5 Rxa6 53.Rd7 Kxf5 54.Rxg7 Rd6 55.Rh7 Kg6 56.Rh8 Rxd4
57.Kf2 Rg4 58.Kf3 f5 59.Kf2 Kg5 60.Kf3 Rf4+ 61.Kg3 h4+ 62.Kg2 Rg4+ 63.Kf3 Rg3+
64.Kf2 Ra3 65.Rb8 Kg4 66.Rg8+ Kf4 67.Rh8 Ra2+ 68.Kg1 Kg3 69.Rg8+ Kf3 70.Rb8 h3
71.Rb3+ Kg4 72.Rb8 f4 73.Rb7 Rg2+ 74.Kh1 Re2 75.Kg1 f3 76.Rg7+ Kf4 77.Rf7+ Ke3
78.Re7+ Kd2 79.Ra7 h2+ 80.Kh1 Re1+ 81.Kxh2 f2 82.Ra2+ Ke3 83.Ra3+ Kd4  0-1

[Event "ch-Flanders 2011"]
[Site "Ghent BEL"]
[Date "2011.06.02"]
[Round "1.9"]
[White "Feys,Bert"]
[Black "Penson,T"]
[Result "0-1"]
[WhiteElo "1948"]
[BlackElo "2246"]

1.d4 Nf6 2.Bg5 e6 3.e4 h6 4.Bxf6 Qxf6 5.c3 d5 6.e5 Qd8 7.f4 c5 8.Nf3 Qb6
9.Qd2 Nc6 10.Be2 Bd7 11.O-O Be7 12.Kh1 O-O-O 13.Na3 g5 14.dxc5 Bxc5 15.Nb5 Be3
16.Qd3 Be8 17.f5 Bf4 18.fxe6 fxe6 19.Nfd4 Nxe5 20.Qh3 a6 21.Na3 Bd7 22.b4 Kb8
23.g3 Bd2 24.Nb1 Bxc3 25.Nxc3 Qxd4 26.Rac1 Rc8 27.Rfd1 Qxb4  0-1

[Event "18th Ratten Open"]
[Site "Ratten AUT"]
[Date "2011.06.02"]
[Round "2.1"]
[White "Kopinits,A"]
[Black "Nickl,K"]
[Result "1-0"]
[WhiteElo "2258"]
[BlackElo "2149"]

1.d4 Nf6 2.Bg5 e6 3.Nd2 d5 4.e3 Be7 5.Bd3 b6 6.Qe2 Bb7 7.Bxf6 Bxf6 8.f4 c5
9.c3 Qc8 10.b4 Be7 11.Rb1 O-O 12.Ngf3 f5 13.g4 Nc6 14.gxf5 exf5 15.bxc5 bxc5
16.Kf2 Qc7 17.dxc5 Bxc5 18.Nb3 Bb6 19.Nbd4 Bc8 20.Rhg1 Bd7 21.Ng5 Nxd4 22.cxd4 Rae8
23.Qh5 h6 24.Nf3 Qd6 25.Ne5 Rxe5 26.fxe5 Qa3 27.Rxg7+  1-0

[Event "18th Ratten Open"]
[Site "Ratten AUT"]
[Date "2011.06.03"]
[Round "3.1"]
[White "Nickl,K"]
[Black "Frank,Emanuel"]
[Result "1-0"]
[WhiteElo "2149"]
[BlackElo "1969"]

1.d4 Nf6 2.Bg5 e6 3.Nd2 h6 4.Bh4 c5 5.c3 b6 6.e3 Bb7 7.Ngf3 cxd4 8.exd4 Be7
9.Bd3 d6 10.O-O Nbd7 11.Re1 a6 12.Ne4 Nxe4 13.Bxe4 Bxe4 14.Rxe4 Bxh4 15.Rxh4 O-O
16.Re4 Qc7 17.Ne1 b5 18.Nd3 a5 19.a3 Nf6 20.Re3 Nd5 21.Rg3 b4 22.cxb4 axb4
23.Rc1 Qb7 24.Qd2 Kh7 25.Nxb4 Nxb4 26.axb4 Rfc8 27.Rgc3 Rcb8 28.Ra3 Ra7 29.h3 Rba8
30.Rca1 Kg8 31.Qc3 Qd7 32.Ra5 Qb7 33.Qa3 Rxa5 34.bxa5 Qd5 35.Qc3 Qb5 36.b4 Ra6
37.Rc1 Ra8 38.Qc6 Qb8 39.a6 Qa7 40.b5 Rb8 41.Qc7 Qxc7 42.Rxc7 Rxb5 43.a7 Rb1+
44.Kh2 Ra1 45.Rc8+ Kh7 46.a8=Q Rxa8 47.Rxa8 Kg6 48.Kg3 d5 49.Kf4 Kf6 50.h4 h5
51.f3 g6 52.g4 hxg4 53.fxg4 g5+ 54.hxg5+ Kg6 55.Rh8 Kg7 56.Rh6 Kf8 57.g6 f6
58.Rh7 Kg8 59.Re7  1-0